| 000 | 00678nam a22001817a 4500 | ||
|---|---|---|---|
| 010 | _a1718CH-EN | ||
| 020 |
_a9788190960694 _c450.00 |
||
| 035 | _aB-679937-946 | ||
| 037 |
_aDPL _bKids Knowledge Bank |
||
| 082 | _a363.73 | ||
| 100 | _aTiwari Reema | ||
| 245 | _aPollution can make us sick! / | ||
| 260 |
_aDelhi _bKids Knowledge _c2017 |
||
| 270 |
_a7/20, 60 Feet Road, Yudhishtra Gali, _bDelhi _e110032 |
||
| 300 |
_a56p. _c25cm(Hb) |
||
| 942 |
_2ddc _cCH _mPOL _h363.73 |
||
| 999 |
_c141655 _d141655 |
||